Kirchentonarten - Statistiken

Allgemein
  • Dieses Quiz wurde 5 mal gespielt
  • Das Durchschnittsergebnis liegt bei 5 aus 14
Antwortstatistiken
Hint Antwort % Korrekt
Dorisch 2-3
100%
Ionisch 3-4
100%
Phrygisch 1-2
67%
7-8
67%
Hyperphrygisch (Lokrisch) 4-5
33%
5-6
33%
Äolisch 5-6
33%
6-7
33%
Mixolydisch 6-7
33%
Lydisch 7-8
33%
1-2
0%
2-3
0%
3-4
0%
4-5
0%
Keine übereinstimmenden Quizze gefunden
Verteilung der Resultate
Anzahl Personen mit jedem Resultat
Perzentil nach korrekt beantworteten Fragen
Ihre Resultats-Entwicklung
Sie haben dieses Quiz noch nicht gespielt